00000000nam 2200000zi 4500
0019.925661
003CaOODSP
00520250915081923
006m     o  d f      
007cr mn|||||||||
008230728e20220517onc     ob   f000 0 fre d
040 |aCaOODSP|bfre|erda|cCaOODSP
043 |an-cn---
0861 |aRv55-8/19-12-1-2022-1F-PDF
24500|aImportation de véhicules.
250 |a[Édition de 17 mai 2022].
264 1|aOttawa : |bAgence des services frontaliers du Canada = Canada Border Services Agency, |c17 mai 2022.
300 |a1 ressource en ligne (33 pages non numérotées).
336 |atexte|btxt|2rdacontent/fre
337 |ainformatique|bc|2rdamedia/fre
338 |aressource en ligne|bcr|2rdacarrier/fre
4901 |aMémorandum, |x2369-2405 ; |vD19-12-1
500 |aPublié aussi en anglais sous le titre : Importation of vehicles.
500 |a« Ceci annule le mémorandum D, D19-12-1 daté du 12 août 2020 » -- Page [32].
504 |aComprend des références bibliographiques.
520 |a« Le présent mémorandum énonce et explique les lois, les règlements et les lignes directrices générales qui s'appliquent à l'importation de véhicules » -- En résumé, page [1].
650 6|aVéhicules automobiles|xDroit|zCanada.
650 6|aImportations|xDroit|zCanada.
7102 |aAgence des services frontaliers du Canada, |eorganisme de publication.
77508|tImportation of vehicles.|w(CaOODSP)9.925660
794 |tImportation de véhicules.|b[Édition de 4 avril 2025]|w(CaOODSP)9.955301
795 |tImportation de véhicules.|b[Édition de 2 mars 2022]|w(CaOODSP)9.911650
830#0|aMémorandum (Agence des services frontaliers du Canada)|vD19-12-1.|w(CaOODSP)9.816826
85640|qPDF|s909 Ko|uhttps://publications.gc.ca/collections/collection_2023/asfc-cbsa/Rv55-8-19-12-1-2022-1-fra.pdf